Pokémon - La capacité Lien du Destin - Statistiques

Statistiques générales
  • Ce quiz a été pris 11 fois
  • Le résultat moyen est 14 sur 25
Statistiques - réponses
Niveaux Pokémon % Correct
Niveau 54 Ectoplasma
100%
Niveau 44 Fantominus
100%
Niveau 54 Spectrum
100%
Niveau 84 Giratina
82%
Départ Momartik
82%
Niveau 36 Grodrive
73%
Départ Okéoké
73%
Niveau 52 Tutafeh
73%
Niveau 52 Tutafeh de Galar
73%
Niveau 62 Tutankafer
73%
Niveau 62 Tutétékri
73%
Niveau 32 Baudrive
64%
Niveau 48 Brocélôme
64%
Niveau 48 Desséliande
64%
Départ Qulbutoké
64%
Niveau 54 Noctunoir
45%
Niveau 48 Moyade
36%
Niveau 44 Viskuse
36%
Niveau 52 Smogo
27%
Niveau 62 Smogogo
27%
Niveau 62 Smogogo de Galar
18%
Niveau 54 Cacnea
9%
Départ Niveau 59 Cacturne
9%
Niveau 44 Apireine
0%
Niveau 66 Qwilfish
0%
Aucun quiz correspondant
Distribution des résultats
% des personnes avec chaque résultat
Percentile par nombre de réponses
Votre historique - résultats
Vous n’avez pas pris ce quiz